00944nam a2200193 a 450000100100000000500170001000800410002702000150006804000250008311101110010824500600021925000110027926000980029030000300038895201050041895201050052395201050062899900170073300003797220201002031138.0130311s2003 dr a 000 0 spa d a9993461563 aDO-SdBNPbspacBNPHU1 aSeminario internacional estado, gestión y controln(2 :d(2002, sep. 26, 27, 28 :cSanto Domingo)964380 0aII seminario internacional estado, gestión y control. a2a ed. aSanto Domingo :bAsociación Nacional de Contadores y Auditores del Sector Público,c2003. a248 p. :bretr. ;c23 cm. 0010718PDaPDbPDcCTd2013-03-12iLF1l0o p37972-10r2020-06-25w2020-06-25yLFPDZNo se presta 0010718PDaPDbPDcCTd2013-06-14iLF1l0o p37972-20r2020-06-25w2020-06-25yLFPDZNo se presta 0010718PDaPDbPDcCTd2013-06-14iLF1l0o p37972-30r2020-06-25w2020-06-25yLFPDZNo se presta c37462d37462